Creating a strategic energy reduction plan / (Record no. 599544)

000 -LEADER
fixed length control field 00365nam a2200121Ia 4500
008 - FIXED-LENGTH DATA ELEMENTS--GENERAL INFORMATION
fixed length control field 230907s9999||||xx |||||||||||||| ||und||
082 ## - DEWEY DECIMAL CLASSIFICATION NUMBER
Classification number 658.26
Author Mark OFF
100 ## - MAIN ENTRY--PERSONAL NAME
Personal name Offermann, Scott,
9 (RLIN) 115783
245 #0 - TITLE STATEMENT
Title Creating a strategic energy reduction plan /
300 ## - PHYSICAL DESCRIPTION
Extent x, 209 pages :
650 ## - SUBJECT ADDED ENTRY--TOPICAL TERM
Topical term or geographic name entry element Handbooks, manuals, etc. Handbooks, manuals, etc.
9 (RLIN) 115697
942 ## - ADDED ENTRY ELEMENTS (KOHA)
Koha item type Book
Holdings
Withdrawn status Lost status Damaged status Not for loan Permanent Location Current Location Date acquired Total Checkouts Full call number Barcode Date last seen Price effective from Koha item type
        US-Pakistan Center for Advanced Studies in Energy (USPCAS-E) US-Pakistan Center for Advanced Studies in Energy (USPCAS-E) 10/07/2019   658.26 OFF CAS-E0003643 09/12/2023 09/12/2023 Book
© 2023 Central Library, National University of Sciences and Technology. All Rights Reserved.